<?xml version="1.0" encoding="UTF-8"?>
<marc:record xmlns:marc="http://www.loc.gov/MARC21/slim">
   <marc:leader>00000nam a2200000 a 4500</marc:leader>
   <marc:datafield ind1="1" ind2=" " tag="100">
      <marc:subfield code="a">Grüter, Thomas</marc:subfield>
      <marc:subfield code="4">aut</marc:subfield>
      <marc:subfield code="e">Verfasser/-in</marc:subfield>
   </marc:datafield>
   <marc:datafield ind1=" " ind2=" " tag="653">
      <marc:subfield code="a">Weltuntergang</marc:subfield>
   </marc:datafield>
   <marc:datafield ind1=" " ind2=" " tag="653">
      <marc:subfield code="a">Apokalyptik</marc:subfield>
   </marc:datafield>
   <marc:datafield ind1="0" ind2="0" tag="245">
      <marc:subfield code="a">Faszination Apokalypse</marc:subfield>
   </marc:datafield>
   <marc:datafield ind1="0" ind2="0" tag="245">
      <marc:subfield code="b">Mythen und Theorien vom Untergang der Welt</marc:subfield>
   </marc:datafield>
   <marc:datafield ind1="0" ind2="0" tag="245">
      <marc:subfield code="c">Thomas Grüter</marc:subfield>
   </marc:datafield>
   <marc:datafield ind1=" " ind2="1" tag="264">
      <marc:subfield code="a">Frankfurt am Main</marc:subfield>
      <marc:subfield code="b">Scherz</marc:subfield>
      <marc:subfield code="c">2011</marc:subfield>
   </marc:datafield>
   <marc:datafield ind1="1" ind2=" " tag="520">
      <marc:subfield code="a">Schon immer haben die Menschen geglaubt, dass es mit der Welt irgendwann zu Ende geht. Kriege, Kometen, Seuchen und Hungersnöte galten in früheren Zeiten als sichere Zeichen des bevorstehenden Weltuntergangs. Und seit unser Planet als begrenzter Raum wahrgenommen wird, fürchten die Menschen, dass die Erde auch auf ganz weltliche Weise zerstört werden könnte. Bis heute beeinflussen Weltuntergangsszenarien die praktische Politik. All diese Aspekte des Weltendes untersucht Thomas Grüter in seinem neuen Buch. Dabei beleuchtet er auch die psychologischen Hintergründe und analysiert die aktuellen Endzeitideen.  Inhalt: Einführung 7 1 Religion 13 Fingerübungen für das Ende: Mythen von Beinahe-Katastrophen 13 Der Tod der letzten Sonne 27 Der Fall der unsterblichen Götter 34 Die Zeit als endloser Kreis 46 Was sagte Zarathustra? 51 Das Weltende aus jüdisch-christlicher Sicht 57 Weltende im Islam 142 2 Weltende und Erlösung in Philosophie, Soziologie und Psychologie 163 Fallstudie: Die Wiedertäufer in Münster 163 Marxismus-Leninismus 180 Die Sozialpsychologie der Endzeitsekten 190 Der Untergang des Abendlandes 201 3 Weltende und Endzeit in der Wirklichkeit 211 Die Wahrscheinlichkeit des nahen Weltuntergangs 212 Ende, welches Ende? 215 Selbstgemachte Katastrophen 216 Naturkatastrophen und das Ende der Menschheit 242 Dessert: Gemischte Weltenden 264 Das wahrscheinliche Ende des Universums 281 Statt eines Nachworts 291 Literaturverzeichnis 294 Register 309</marc:subfield>
   </marc:datafield>
   <marc:datafield ind1=" " ind2=" " tag="020">
      <marc:subfield code="a">9783502151920</marc:subfield>
      <marc:subfield code="9">9783502151920</marc:subfield>
   </marc:datafield>
   <marc:datafield ind1=" " ind2=" " tag="041">
      <marc:subfield code="a">ger</marc:subfield>
   </marc:datafield>
   <marc:datafield ind1=" " ind2=" " tag="500">
      <marc:subfield code="a">Literaturverz. S. 294 - [308]</marc:subfield>
   </marc:datafield>
   <marc:datafield ind1=" " ind2=" " tag="300">
      <marc:subfield code="a">319 S.</marc:subfield>
   </marc:datafield>
</marc:record>
